00670nam a2200229Ia 450000100060000000300090000600800410001504000130005604000130006904100130008210000190009510000290011424500430014324500570018625000110024326000090025426000120026326000490027530000550032465000300037965000310040933152IT-RoPAU130308s9999 xx 000 0 und d aIT-RoPAU cIT-RoPAU aITALIANO aFerretti Dante gCodice Aut. SPICS: 18632 aArchitetti o falsari? (La scenografia) bFare Cinema-Le Arti,I mestieri e le Tecniche del Set a1a ed. aROMA bGremese c1985 [1° Ed.:1985 - Ed.Ling.Originale:1985] a"8 p. (prefazione: no ; testo: 8 [pagine: 73-80])" aINDUSTRIA CINEMATOGRAFICA eCodice materia Spics: 6806